Marketingově řízená firma : Filozofie. Organizace. Strategie /

Salvato in:
Dettagli Bibliografici
Autore principale: Bureš, Ivan (Autore)
Natura: Libro
Lingua:ceco
Pubblicazione: Praha : Management Press, Profit, a.s, 1993
Edizione:1.vyd.
Soggetti:
Tags: Aggiungi Tag
Nessun Tag, puoi essere il primo ad aggiungerne!!

MARC

LEADER 00000nam a22000003a 4500
001 stu4675
005 20150617225810.7
008 931102s1993----xr------------------cze-d
020 |a 80-85603-24-1 
040 |a STU  |b slo 
041 0 |a cze 
044 |a xr 
080 |a 339.138  |7 stu_us_auth*stu8219 
080 |a 658.8 
080 |a 65.012.4 
100 1 |a Bureš, Ivan  |4 aut 
245 1 |a Marketingově řízená firma :  |b Filozofie. Organizace. Strategie /  |c [aut.] Bureš,Ivan 
250 |a 1.vyd. 
260 |a Praha :  |b Management Press, Profit, a.s,  |c 1993 
300 |a 101 s 
650 7 |a manažment  |2 stusub 
650 7 |a technika obchodu  |2 stusub 
996 |b E78366  |c R*78366  |l RRUM  |s A  |a 24  |w stu4675_0001